| 000 | 00613nam a2200193 4500 | ||
|---|---|---|---|
| 001 | 143746 | ||
| 003 | ES-MaACL | ||
| 005 | 20250807062549.0 | ||
| 007 | t| | ||
| 008 | 070214s1951 sp r ||||1| spa d | ||
| 100 | 1 |
_aSeveron, Argimiro. _9105926 |
|
| 245 | 1 | 0 |
_aCómo vivir sano 150 años _b: (síntesis unitaria de la Medicina y el hombre) / _cpor el Dr. Argimiro Severon. |
| 260 |
_aValencia : _bHorizontes, _c1951 ( _fV. Cortell) |
||
| 300 |
_a190 p., 1 lám. ; _c18 cm. |
||
| 650 | 7 |
_aMedicina _2embne _914891 |
|
| 852 |
_aES-MaACL _bR.31691 _cSVI _jD-8145 _9148937 |
||
| 942 | _2udc | ||
| 999 |
_c143746 _d143746 |
||